La fauna primordial á uno y otro lado de la Cordillera Cantábrica / (Record no. 158569)

MARC details
000 -LEADER
campo de control de longitud fija 00814nam a22001935i 4500
001 - NÚMERO DE CONTROL
campo de control 158569
003 - IDENTIFICADOR DE NÚMERO DE CONTROL
campo de control ES-MaACL
005 - FECHA Y HORA DE LA ÚLTIMA TRANSACCIÓN
campo de control 20230906211221.0
008 - DATOS DE LONGITUD FIJA--INFORMACIÓN GENERAL
campo de control de longitud fija 040901s1878 sp |||| | spa d
040 ## - FUENTE DE CATALOGACIÓN
Centro catalogador/agencia de origen CAM
Lengua de catalogación spa
Centro/agencia transcriptor CAM
100 1# - ENTRADA PRINCIPAL--NOMBRE DE PERSONA
Nombre de persona Mallada, Lucas (
Fechas asociadas al nombre 1841-1921)
9 (RLIN) 75787
245 13 - MENCIÓN DEL TÍTULO
Título La fauna primordial á uno y otro lado de la Cordillera Cantábrica /
Mención de responsabilidad, etc. por L. Mallada y J. Buitrago.
260 ## - PUBLICACIÓN, DISTRIBUCIÓN, ETC.
Lugar de publicación, distribución, etc. Madrid :
Nombre del editor, distribuidor, etc. [s.n.],
Fecha de publicación, distribución, etc. 1878 (
Fabricante Imprenta y fundicion de Manuel Tello)
300 ## - DESCRIPCIÓN FÍSICA
Extensión 18 p. ;
Dimensiones 25 cm.
500 ## - NOTA GENERAL
Nota general Del Boletín de la Comisión del Mapa Geológico de España.
650 #4 - PUNTO DE ACCESO ADICIONAL DE MATERIA--TÉRMINO DE MATERIA
Término de materia o nombre geográfico como elemento de entrada Fósiles-
Subdivisión geográfica España.
9 (RLIN) 149081
700 1# - ENTRADA AGREGADA--NOMBRE PERSONAL
Nombre de persona Buitrago, J.
9 (RLIN) 126228
852 ## - LOCALIZACIÓN
Ubicación ES-MaACL
Número de control de estantería T-1105-F-10
Nota libre -- Enc. hol.
condición física -- Falto de la cub. original
Nota libre -- Enc. en un vol. facticio
-- .- Legado de Federico de Botella y de Hornos
Holdings
Estatus retirado Estado de pérdida Estado de daño No para préstamo Colección Biblioteca de origen Biblioteca actual Ubicación en estantería Fecha de adquisición Total de préstamos Signatura topográfica completa Código de barras Visto por última vez Precio de reemplazo Tipo de ítem Koha
        Colección de folletos Biblioteca del Ateneo de Madrid Biblioteca del Ateneo de Madrid Depósito folletos 17/01/2008   T-1105-F-10 1165969 23/02/2023 23/02/2023 Folleto